LEADER 00943nam0-2200337---450- 001 990009171480403321 005 20100413091729.0 010 $a978-88-11-74031-5 035 $a000917148 035 $aFED01000917148 035 $a(Aleph)000917148FED01 035 $a000917148 100 $a20100413d2008----km-y0itay50------ba 101 0 $aita 102 $aIT 105 $ay-------001yy 200 1 $aStoria della televisione italiana$fAldo Grasso 205 $a1. rist. della nuova ed. aggiornata 210 $aMilano$cGarzanti$d2008 215 $aXXXV, 858 p.$d21 cm 225 1 $aSaggi 610 0 $aTrasmissioni televisive$aItalia 676 $a791.450945$v21$zita 700 1$aGrasso,$bAldo$f<1948- >$040244 801 0$aIT$bUNINA$gRICA$2UNIMARC 901 $aBK 912 $a990009171480403321 952 $aIX A 1198$b44041$fFSPBC 959 $aFSPBC 996 $aStoria della televisione italiana$9157425 997 $aUNINA LEADER 02385oas 2200985 a 450 001 9910144363903321 005 20251014213014.0 011 $a2327-7505 035 $a(DE-599)ZDB2480784-9 035 $a(OCoLC)299098704 035 $a(CONSER) 2009235060 035 $a(CKB)991042729498378 035 $a(EXLCZ)99991042729498378 100 $a20090122b19281949 uy a 101 0 $aeng 135 $aur||||||||||| 181 $ctxt$2rdacontent 182 $cc$2rdamedia 183 $acr$2rdacarrier 200 00$aSewage works journal 210 $aNew York, NY $cFederation of Sewage Works Associations$d1928-1949 311 08$a0096-9362 606 $aSewerage$vPeriodicals 606 $aSewage$vPeriodicals 606 $aSanitary Engineering 606 $aSewage 606 $aSewage$2fast$3(OCoLC)fst01113736 606 $aSewerage$2fast$3(OCoLC)fst01114083 606 $aE?gouts$vPe?riodiques 606 $aEaux use?es$vPe?riodiques 606 $aTechnique sanitaire 606 $aEaux use?es 606 $asanitary engineering$2aat 608 $aPeriodical. 608 $aPeriodicals.$2fast 608 $aPeriodicals.$2lcgft 608 $aperiodicals.$2aat 608 $aPe?riodiques.$2rvmgf 615 0$aSewerage 615 0$aSewage 615 2$aSanitary Engineering. 615 2$aSewage. 615 7$aSewage. 615 7$aSewerage. 615 6$aE?gouts 615 6$aEaux use?es 615 6$aTechnique sanitaire. 615 6$aEaux use?es. 615 7$asanitary engineering. 676 $a628.205 712 02$aFederation of Sewage Works Associations 801 0$bEYM 801 1$bEYM 801 2$bEYM 801 2$bHUL 801 2$bOCLCE 801 2$bGWDNB 801 2$bUKMGB 801 2$bOCLCQ 801 2$bGBVCP 801 2$bOCLCQ 801 2$bDLC 801 2$bOCLCF 801 2$bOCLCQ 801 2$bOCLCO 801 2$bOCLCQ 801 2$bDEBBG 801 2$bGILDS 801 2$bOCLCO 801 2$bWYU 801 2$bOCLCO 801 2$bAUD 801 2$bOCLCA 801 2$bVT2 801 2$bOCLCQ 801 2$bU3W 801 2$bOCLCQ 801 2$bOCLCL 801 2$bBRL 801 2$bSFB 801 2$bQGK 906 $aJOURNAL 912 $a9910144363903321 996 $aSewage works journal$9786405 997 $aUNINA